All ATEEZ songs (2026) - Statistics

General Stats
  • This quiz has been taken 30 times
    27 since last reset
  • The average score is 88 of 130
Answer Stats
TREASURE EP.1: All to Zero % Correct
Adrenaline
94%
BOUNCY (K-HOT CHILLI PEPPERS)
94%
Ice On My Teeth
94%
Treasure
94%
WAVE
94%
DJANGO
89%
Fireworks (I’m the One)
89%
Guerilla
89%
HALAZIA
89%
Lemon Drop
89%
NASA
89%
Outlaw
89%
Paradigm
89%
Pirate King
89%
ROAR (MINGI)
89%
Say My Name
89%
Skin (SEONGHWA)
89%
WONDERLAND
89%
WORK
89%
Creep (SAN)
83%
Deja Vu
83%
Dreamers
83%
Ghost
83%
HALA HALA (Hearts Awakened, Live Alive)
83%
Horizon
83%
INCEPTION
83%
In Your Fantasy
83%
Legacy (YEOSANG)
83%
Limitless
83%
MATZ (HONGJOONG, SEONGHWA)
83%
NO1 (HONGJOONG)
83%
On The Road
83%
Sagittarius (WOOYOUNG)
83%
Slide to me (YUNHO)
83%
The Real
83%
Answer
78%
ARRIBA
78%
Ash
78%
Cyberpunk
78%
Dune
78%
Eternal Sunshine
78%
Everything (JONGHO)
78%
ILLUSION
78%
IT’s You (YEOSANG, SAN, WOOYOUNG)
78%
Man on Fire
78%
Masterpiece
78%
MIST
78%
ROCKY
78%
Selfish Waltz
78%
THANXX
78%
The Black Cat Nero
78%
This World
78%
Turbulence
78%
Youth (YUNHO, MINGI)
78%
AURORA
72%
Birthday
72%
Castle
72%
Choose
72%
Crazy Form
72%
Dancing Like Butterfly Wings
72%
DEEP DIVE
72%
FEVER
72%
NOT OKAY
72%
Now this house ain’t a home
72%
Promise
72%
Sector 1
72%
Siren
72%
Stay
72%
The King
72%
The Leaders
72%
To be your light (JONGHO)
72%
Twilight
72%
Wake Up
72%
WIN
72%
Celebrate
67%
Dreamy Day
67%
Empty Box
67%
Enough
67%
Light
67%
New World
67%
Precious
67%
Shaboom
67%
Silver Light
67%
Still Here
67%
The Letter
67%
The Ring
67%
All About You
61%
Blind
61%
Dazzling Light
61%
Desire
61%
Feeling Like I Do
61%
Forevermore
61%
Good Lil Boy
61%
My Way
61%
Star 1117
61%
Take Me Home
61%
THANK U
61%
UTOPIA
61%
Better
56%
DIAMOND
56%
FACE
56%
From
56%
Sunrise
56%
Tippy Toes
56%
TO THE BEAT
56%
12 Midnight
50%
Emergency
50%
If Without You
50%
One Day At A Time
50%
WE KNOW
50%
WITH U
50%
Be With You
44%
Blue Summer
44%
Crescendo
44%
Days
44%
WDIG (Where Do I Go)
44%
Not Too Late
39%
White Love
39%
Don’t Stop
33%
Hush-Hush
33%
Time of Love
33%
Royal
28%
Be My Lover
17%
Let’s Get Together
17%
A Little Space
11%
Call Me Anytime
11%
SMB
11%
Waiting for You
11%
Summer Taste
0%
No matching quizzes found
Score Distribution
Percent of People with Each Score
Percentile by Number Answered
Your Score History
You have not taken this quiz since the last reset